000 00314nam a2200133Ia 4500
005 20251222141931.0
008 251222s9999||||xx |||||||||||||| ||spa||
020 _a2-84105-022-X
082 _a708.44/P53
100 _aDeschodt, Eric
245 0 _aD'un musíe l'autre en Picardie
264 _bRegard
942 _cLIB
999 _c9042
_d9042